000 00268nam a22001217a 4500
008 170329b xxu||||| |||| 00| 0 eng d
041 _aeng
080 _a616-053.2
100 _a8
101 _aSHM
245 _aPEDIATRIC ORTHOPEDICS
_cTACHDJIAN, M.O
942 _2udc
_cBK
999 _c9043
_d9043